000 00544nam a2200181Ia 4500
008 240925s9999 xx 000 0 und d
020 _a9781259098680
082 _a658.4012 DES
100 _aDess, Gregory G.; Lumpkin, G. T.; Eisner, Alan B.
245 0 _aStrategic Management: creating competitive advantages
250 _a6th
260 _aNew Delhi:
_bMcGraw Hill Education (India) Private Limited
_c,2015.
300 _a404p.
_b0
_fOriginal
500 _aIncludes Index
600 _aManagement
650 _aManagement
942 _cBK
999 _c16264
_d16264